| 000 | 00428 a2200133 4500 | ||
|---|---|---|---|
| 003 | OSt | ||
| 005 | 20250725141126.0 | ||
| 008 | 250725b |||||||| |||| 00| 0 eng d | ||
| 040 | _cPandora | ||
| 100 |
_aNettel Suárez, Guadalupe _91 |
||
| 245 |
_aCapítulo IV _b: la playa y la estantería _c/ Guadalupe Nettel y Adolfo Castellano |
||
| 773 | 0 |
_dMadrid Anagrama 2023 _tEl barco de teseo _aNettel Suárez, Guadalupe _w2707 |
|
| 942 |
_2ddc _n0 _cMO |
||
| 999 |
_c5 _d5 |
||